| 000 -ლიდერი |
| ფიქსირებული სიგრძის საკონტროლო ველი |
01237nam a22001937a 4500 |
| 003 - საკონტროლო ნომრის იდენტიფიკატორი |
| საკონტროლო ველი |
Ge_BSU |
| 005 - ბოლო ოპერაციის თარიღი და დრო |
| საკონტროლო ველი |
20230619101602.0 |
| 008 - ფიქსირებული სიგრძის მონაცემთა ელემენტები - ზოგადი ინფორმაცია |
| ფიქსირებული სიგრძის საკონტროლო ველი |
230619s1980 ge ||||| |||| 00| 0 geo d |
| 041 ## - ენის კოდი |
| Language code of text/sound track or separate title |
geo |
| 080 ## - უნივერსალური ათობითი კლასიფიკაციის ინდექსი |
| Universal Decimal Classification number |
903.5(479.22) თ-71 |
| 100 ## - მთავარი ჩანაწერი - პიროვნების სახელი |
| Personal name |
თოლორდავა, ვერა |
| 9 (RLIN) |
18735 |
| 245 ## - ცნობა სათაურის შესახებ |
| Title |
დაკრძალვის წესები ელინისტური ხანის საქართველოში : |
| Remainder of title |
(ქვევრსამარხები) / |
| Statement of responsibility, etc |
ვერა თოლორდავა ; საქ. სსრ მეცნ. აკად., არქეოლ. კომ., ივ. ჯავახიშვილის სახ. ისტორიის, არქეოლოგიისა და ეთნოგრ. ინ-ტის არქეოლოგ. კვლევ. ცენტრი. |
| 264 ## - წარმოების, გამოცემის, დისტრიბუციის და სხვა ცნობები |
| გამოცემის, წარმოების, დისტრიბუციის... ადგილი |
თბილისი : |
| გამოცემის, წარმოების, დისტრიბუციის... სახელწოდება |
მეცნიერება, |
| გამოცემის, წარმოების, დისტრიბუციის... თარიღი |
1980. |
| 300 ## - ფიზიკური აღწერა |
| Extent |
74 გვ. : |
| Other physical details |
28 ფ. ილ. ; |
| Dimensions |
25 სმ. |
| 520 ## - SUMMARY, ETC. |
| Summary, etc |
რეზ. რუს. |
| 653 ## - INDEX TERM--UNCONTROLLED |
| Uncontrolled term |
დაკრძალვის წესები საქართველოში |
| 653 ## - INDEX TERM--UNCONTROLLED |
| Uncontrolled term |
ქვევრსამარხები საქართველოში |
| 942 ## - ADDED ENTRY ELEMENTS (KOHA) |
| Source of classification or shelving scheme |
|
| Koha item type |
წიგნი |